=LDR 00000nam 2200000 4500 =001 NUTBA000000000002378 =005 20140613111041.0 =006 =007 =008 =020 ##$$a 978-602-8389-27-3 =035 ##$$a 0010-061400000000321 =082 ##$$a 2X5.42 =100 ##$$a AMIRULLAH SYARBINI =245 ##$$a SABAR SYUKUR DAN IKHLAS =260 ##$$a BANDUNG $b RUANG ANGKASA $c 2010 =990 ##$$a 21400613/BPAP-NTB/20142014